Представление документа в формате RUSMARC

ПолеНазваниеЗначение
  Тип записи a
  Библиографический уровень m
001 Контрольный номер RU/IS/BASE/511879555
005 Дата корректировки 20201206205003.9
010 Индекс ISBN __
a ISBN 978-5-462-01492-5 (в обл.)
d Цена 41-60
100 Данные общей обработки __
a Данные общей обработки 19160321d2013####||| 0rusy0189 ca
101 Язык документа 0_
a Язык текста rus
102 Страна публикации __
a Страна публикации RU|
105 Кодированные данные (монография) __
a Кодированные данные (монография) a|||||||000zy
200 Заглавие и сведения об ответственности 1_
a Заглавие Роботы из крышек
f Первые сведения об ответственности С. И. Пимушкин
b Общее обозначение материала Текст
210 Выходные данные __
a Место издания Москва
c Издательство АСТ-Пресс-Книга
d Дата издания 2013
215 Физическое описание __
a Объем 16 с.
c Иллюстрации/тип воспроизводства цв. ил.
d Формат 21 см
225 Серия __
a Серия Хоббитека
225 Серия __
a Серия Азбука моделирования
300 Общие примечания __
a Общие примечания Описано по обложке
330 Аннотация __
a Аннотация Вce мальчики, без исключения, любят роботов. А ещё они любят что-нибудь мастерить, но не стоит торопиться в магазин за дорогим конструктором. Ведь все, что нужно для творчества, найдётся у вас дома: спичечные коробки, крышки от пластиковых бутылок, пустые флаконы, тюбики, не пишущие ручки и фломастеры - эти предметы на практике оказываются прекрасным материалом для самых разных, по сложности поделок. Автор поможет родителям весело и с пользой провести время с ребенком. Эта книга пополнит коллекцию вашего сына боевым роботом, мини-роботом, роботом-скафандром и другими моделями, сделанными из, казалось бы, абсолютно никчемного материала - пластиковых крышек.
606 Тематические рубрики __
a Основная рубрика Образование. Педагогика
606 Тематические рубрики __
a Основная рубрика Дошкольная педагогика
610 Ключевые слова __
a Ключевые слова бросовые материалы
a Ключевые слова детское конструирование
a Ключевые слова дошкольники
a Ключевые слова изготовление роботов
a Ключевые слова поделки
a Ключевые слова поделки из бросового материала
a Ключевые слова поделки из крышек
a Ключевые слова поделки из пластмассовых крышек
a Ключевые слова развитие детей
a Ключевые слова развитие дошкольников
a Ключевые слова развитие творческих способностей
a Ключевые слова развитие творческого мышления
a Ключевые слова развитие творческой личности
a Ключевые слова развитие творчества
a Ключевые слова роботы
686 Индексы других классификаций __
2 Код системы rubbks
a Классификационный индекс В74.1
700 Автор _1
a Фамилия Пимушкин
b Имя С. И.
g Полное личное имя Сергей Иванович
4 Код отношения 070
801 Источник записи _0
a Страна RU
b Организация Муниципальное бюджетное учреждение культуры "Централизованная библиотечная система" г. Сургут (Центральная городская библиотека им. А. С. Пушкина)
c Дата составления 20160321
g Правила каталогизации КиК/Котельникова
801 Источник записи _1
a Страна RU
b Организация Муниципальное бюджетное учреждение культуры "Централизованная библиотечная система" г. Сургут (Центральная городская библиотека им. А. С. Пушкина)
c Дата составления 20160321
g Правила каталогизации КиК/Котельникова
852 Данные о местонахождении __
j Шифр хранения В74.1
i Авторский знак П 32
901 Тип документа __
t Тип документа m
903 Характеристики (МАРС) __
a Дата передачи 20160321
969 Тип издания __
a Тип издания брошюра
990 Данные о заказе (DOS) __
j Количество экземпляров (DOS) 1
t N записи в КСУ для И/У (DOS) 201603